| 000 | 00000nam##2200000za#4500 |
| 001 | 9.690837 |
| 003 | CaOODSP |
| 005 | 20250408155708 |
| 007 | cr ||||||||||| |
| 008 | 150407|2008||||xxc|||||o f|0| 0 eng|d |
| 020 | |a978-0-662-48236-9 |
| 040 | |aCaOODSP|beng |
| 043 | |an-cn--- |
| 086 | 1 |aHP5-58/2008E-PDF |
| 110 | 2 |aPublic Health Agency of Canada. |
| 245 | 10|aCARMEN pilot Canadian case study - final report : |h[electronic resource]|bstakeholder convergence on nutrition labelling - building consensus on a complex issue |
| 260 | |aOttawa - Ontario : |bPublic Health Agency of Canada |cc2008. |
| 300 | |a74p.|bfigs., tables |
| 590 | |a08-41|b2008-10-10 |
| 690 | 07|aFood labelling|2gcpds |
| 775 | 08|tÉtude de cas canadienne - Projet CARMEN, rapport final : |w(CaOODSP)9.635182 |
| 775 | 08|t[CARMEN pilot Canadian case study - final report] : |w(CaOODSP)9.675131 |
| 775 | 08|t[CARMEN pilot Canadian case study - final report] : |w(CaOODSP)9.675133 |
| 776 | 0#|tCARMEN pilot Canadian case study - final report : |w(CaOODSP)9.669951 |
| 776 | 0#|tÉtude de cas canadienne - Projet CARMEN, rapport final : |w(CaOODSP)9.669952 |
| 856 | 40|ahttp://publications.gc.ca|qPDF|s8443 KB|uhttps://publications.gc.ca/collections/collection_2008/phac-aspc/HP5-58-2008E.pdf |